01484nab a2200265 i 4500003000900000005001700009007000300026008004100029040003000070041000800100100004200108245007000150264009100220300005300311310001500364336002700379337003400406338002800440362004100468521052300509650008901032773006501121942001501186999001701201DO-SdBNP20250603114330.0ta250603e1993 dr bn|p|r||||||0| | spa d aDO-SdBNPbspacBNPHUerda hspa aTolentino, Marianne de,d1951-973333 aLa galería Nacional de Bellas Artes / cMarianne de Tolentino. aSanto Domingo, República Dominicana : bDirección General de Bellas Artes,c1993.  apágina 8 : bilustraciones, pintura ; c28 cm. aBimestral. atextobtxt2rdacontent asin mediación bn2rdamedia avolumenbnc2rdacarrier aAño 3. No. 7 enero-febrero, 1993). aEn 1963, la profesora museóloga y poeta, Aida Cartagena Portalatín, escribía: "Hoy, en la segunda mitad del siglo XX, nos encontramos en la Galeria Nacional del Palacio de Bellas Artes. La reinstalación y apertura de nuevas salas ofrecen un panorama más amplio al visitante y al estudioso. Reflejan a su manera, el conjunto de disciplinas que son la base principal de nuestras artes plásticas". A continuación, la importante intelectual dominicana explicaba cómo había organizado las distintas salas. 0aBellas artes962514vPublicaciones periódicas xGalería zRepública Dominicana0 0366049278916o37114-3-7-ItAuditorium.w(DO-SdBNP)000037114 2ddccISSUE c59130d59130